All Capitals of the World - Guess the Country - Statistics

General Stats
  • This quiz has been taken 159 times
    31 since last reset
  • The average score is 128 of 199
Answer Stats
Hint Answer % Correct
Algiers Algeria
94%
Brasília Brazil
94%
Berlin Germany
94%
Athens Greece
94%
Andorra la Vella Andorra
89%
Buenos Aires Argentina
89%
Canberra Australia
89%
Brussels Belgium
89%
Ottawa Canada
89%
Beijing China
89%
Djibouti Djibouti
89%
Cairo Egypt
89%
Paris France
89%
Guatemala City Guatemala
89%
Dublin Ireland
89%
Jerusalem Israel
89%
Rome Italy
89%
Tokyo Japan
89%
Kuwait City Kuwait
89%
Luxembourg Luxembourg
89%
Mexico City Mexico
89%
Monaco Monaco
89%
Amsterdam Netherlands
89%
Panama City Panama
89%
Moscow Russia
89%
Madrid Spain
89%
Bern Switzerland
89%
London United Kingdom
89%
Washington D.C. United States
89%
Prague Czechia
83%
Copenhagen Denmark
83%
Helsinki Finland
83%
Bissau Guinea-Bissau
83%
New Delhi India
83%
Kuala Lumpur Malaysia
83%
Pyongyang North Korea
83%
Oslo Norway
83%
Lima Peru
83%
Warsaw Poland
83%
Lisbon Portugal
83%
São Tomé São Tomé and Principe
83%
Singapore Singapore
83%
Cape Town South Africa
83%
Seoul South Korea
83%
Stockholm Sweden
83%
Bangkok Thailand
83%
Ankara Turkey
83%
Vatican City Vatican City
83%
Caracas Venezuela
83%
Vienna Austria
78%
Bogotá Colombia
78%
Havana Cuba
78%
San Salvador El Salvador
78%
Budapest Hungary
78%
Baghdad Iraq
78%
Nairobi Kenya
78%
Manila Philippines
78%
San Marino San Marino
78%
Sri Jayawardenepura Kotte Sri Lanka
78%
Kyiv Ukraine
78%
Abu Dhabi United Arab Emirates
78%
La Paz Bolivia
72%
Santiago Chile
72%
Addis Ababa Ethiopia
72%
Port-au-Prince Haiti
72%
Reykjavík Iceland
72%
Jakarta Indonesia
72%
Kingston Jamaica
72%
Beirut Lebanon
72%
Kathmandu Nepal
72%
Asunción Paraguay
72%
Riyadh Saudi Arabia
72%
Belgrade Serbia
72%
Ljubljana Slovenia
72%
Taipei Taiwan
72%
Montevideo Uruguay
72%
Hanoi Vietnam
72%
Kabul Afghanistan
67%
Minsk Belarus
67%
Sofia Bulgaria
67%
Phnom Penh Cambodia
67%
Nicosia Cyprus
67%
Quito Ecuador
67%
Tehran Iran
67%
Antananarivo Madagascar
67%
Ulaanbaatar Mongolia
67%
Doha Qatar
67%
Bucharest Romania
67%
Bratislava Slovakia
67%
Tunis Tunisia
67%
Luanda Angola
61%
Baku Azerbaijan
61%
Dhaka Bangladesh
61%
Sucre Bolivia
61%
Zagreb Croatia
61%
Tallinn Estonia
61%
Accra Ghana
61%
Amman Jordan
61%
Astana Kazakhstan
61%
Pristina Kosovo
61%
Bishkek Kyrgyzstan
61%
Riga Latvia
61%
Tripoli Libya
61%
Vaduz Liechtenstein
61%
Valletta Malta
61%
Chișinău Moldova
61%
Rabat Morocco
61%
Wellington New Zealand
61%
Abuja Nigeria
61%
Islamabad Pakistan
61%
Brazzaville Republic of the Congo
61%
Bloemfontein South Africa
61%
Pretoria South Africa
61%
Paramaribo Suriname
61%
Damascus Syria
61%
Port-of-Spain Trinidad and Tobago
61%
Ashgabat Turkmenistan
61%
Tirana Albania
56%
Nassau Bahamas
56%
Bandar Seri Begawan Brunei
56%
Ouagadougou Burkina Faso
56%
San José Costa Rica
56%
Kinshasa Democratic Republic of the Congo
56%
Santo Domingo Dominican Republic
56%
Dili East Timor
56%
Tbilisi Georgia
56%
Vilnius Lithuania
56%
Podgorica Montenegro
56%
Naypyidaw Myanmar
56%
Windhoek Namibia
56%
Skopje North Macedonia
56%
Khartoum Sudan
56%
Kampala Uganda
56%
Tashkent Uzbekistan
56%
Lusaka Zambia
56%
Harare Zimbabwe
56%
Yerevan Armenia
50%
Bridgetown Barbados
50%
Belmopan Belize
50%
Porto-Novo Benin
50%
Sarajevo Bosnia and Herzegovina
50%
Praia Cape Verde
50%
Roseau Dominica
50%
Asmara Eritrea
50%
Libreville Gabon
50%
Banjul Gambia
50%
Conakry Guinea
50%
Georgetown Guyana
50%
Vientiane Laos
50%
Monrovia Liberia
50%
Malé Maldives
50%
Maputo Mozambique
50%
Niamey Niger
50%
Muscat Oman
50%
Port Moresby Papua New Guinea
50%
Kigali Rwanda
50%
Basseterre Saint Kitts and Nevis
50%
Castries Saint Lucia
50%
Apia Samoa
50%
Dakar Senegal
50%
Freetown Sierra Leone
50%
Mogadishu Somalia
50%
Juba South Sudan
50%
Dushanbe Tajikistan
50%
Lomé Togo
50%
Saint John's Antigua and Barbuda
44%
Gaborone Botswana
44%
Yaoundé Cameroon
44%
N'Djamena Chad
44%
Moroni Comoros
44%
Palikir Federated States of Micronesia
44%
Suva Fiji
44%
Saint George's Grenada
44%
Tegucigalpa Honduras
44%
Yamoussoukro Ivory Coast
44%
Lilongwe Malawi
44%
Bamako Mali
44%
Majuro Marshall Islands
44%
Nouakchott Mauritania
44%
Port Louis Mauritius
44%
Yaren Nauru
44%
Managua Nicaragua
44%
Ngerulmud Palau
44%
Kingstown Saint Vincent and the Grenadines
44%
Victoria Seychelles
44%
Honiara Solomon Islands
44%
Dodoma Tanzania
44%
Nukuʻalofa Tonga
44%
Funafuti Tuvalu
44%
Port Vila Vanuatu
44%
Sana'a Yemen
44%
Manama Bahrain
39%
Thimphu Bhutan
39%
Gitega Burundi
39%
Bangui Central African Republic
39%
Malabo Equatorial Guinea
39%
Mbabane Eswatini
39%
South Tarawa Kiribati
39%
Maseru Lesotho
39%
No matching quizzes found
Score Distribution
Percent of People with Each Score
Percentile by Number Answered
Your Score History
You have not taken this quiz since the last reset